| 000 -LEADER |
| fixed length control field |
00534cam a22002291 4500 |
| 001 - CONTROL NUMBER |
| control field |
7961012 |
| 005 - DATE AND TIME OF LATEST TRANSACTION |
| control field |
20180202075232.0 |
| 008 - FIXED-LENGTH DATA ELEMENTS--GENERAL INFORMATION |
| fixed length control field |
760830s1961 xx 000 0 eng |
| 010 ## - LIBRARY OF CONGRESS CONTROL NUMBER |
| LC control number |
60053281 |
| 015 ## - NATIONAL BIBLIOGRAPHY NUMBER |
| National bibliography number |
GB61-8947 |
| 035 ## - SYSTEM CONTROL NUMBER |
| System control number |
(OCoLC)2404330 |
| 040 ## - CATALOGING SOURCE |
| Original cataloging agency |
DLC |
| Transcribing agency |
OTU |
| Modifying agency |
Uk |
| -- |
DLC |
| 041 ## - LANGUAGE CODE |
| Language code of text/sound track or separate title |
eng |
| 042 ## - AUTHENTICATION CODE |
| Authentication code |
premarc |
| 080 ## - UNIVERSAL DECIMAL CLASSIFICATION NUMBER |
| Universal Decimal Classification number |
616.5 NOO |
| 082 ## - DEWEY DECIMAL CLASSIFICATION NUMBER |
| Classification number |
616.5 NOO |
| 100 1# - Rafti |
| Rafti |
7 |
| 101 ## - Shkurtesa |
| Shkurtesa |
DER |
| 245 00 - TITLE STATEMENT |
| Title |
Dermatology for students. |
| 906 ## - LOCAL DATA ELEMENT F, LDF (RLIN) |
| a |
7 |
| b |
cbc |
| c |
oclcrpl |
| d |
u |
| e |
ncip |
| f |
19 |
| g |
y-gencatlg |
| 942 ## - ADDED ENTRY ELEMENTS (KOHA) |
| Source of classification or shelving scheme |
|
| Item type |
Books |